|
|
|
|
| LEADER |
00000ny a22000003n 4500 |
| 005 |
20110621122335.0 |
| 006 |
m u |
| 007 |
cr cn||||||||| |
| 008 |
200607r2005 sp |||||s|||||||||||spa d |
| 020 |
|
|
|a 9788497727044
|
| 035 |
|
|
|a 1285
|
| 040 |
|
|
|a FlNmELB
|c FlNmELB
|d vlex
|
| 050 |
1 |
4 |
|a HV7435
|b C957 2005eb
|
| 050 |
1 |
4 |
|a HV7435
|b C957 2005eb
|
| 080 |
|
|
|a 623.44
|
| 090 |
|
|
|c 1279
|d 1279
|
| 100 |
1 |
|
|a Cruz Blanca, Mara̕ Još
|
| 245 |
1 |
0 |
|a Rǧimen penal y tratamiento jurisprudencial de la tenencia ilc̕ita de armas
|h [Recurso electrn̤ico]
|c Mara̕ Jos ̌Cruz Blanca
|
| 256 |
|
|
|a Servicio en ln̕ea
|
| 260 |
|
|
|a Madrid :
|b Dykinson,
|c 2005
|
| 300 |
|
|
|a 189 p
|
| 506 |
1 |
|
|a Contenido solo disponible en los productos indicados
|d vLex Global
|d vLex Global (Academic Edition, excluding Law Schools)
|d vLex Global (U.S. Academic Edition, Law Schools)
|d vLex Global (U.S. Academic Edition, excluding Law Schools)
|d vLex Global (Academic Edition, Law Schools)
|
| 650 |
0 |
7 |
|a Armas
|2 Tesauro vLex
|
| 650 |
0 |
7 |
|a Armas de fuego -
|x Derecho
|
| 650 |
0 |
7 |
|a Derecho penal
|2 Tesauro vLex
|
| 650 |
0 |
7 |
|a Penal
|2 Tesauro vLex
|
| 650 |
0 |
7 |
|a Telecomunicaciones
|2 Tesauro vLex
|
| 650 |
0 |
7 |
|a Tenencia ilc̕ita de armas
|2 Tesauro vLex
|
| 650 |
0 |
7 |
|a Delitos contra el orden publico
|2 Tesauro vLex
|
| 740 |
0 |
|
|a vLex Libros (Servicios en ln̕ea)
|
| 856 |
4 |
0 |
|u http://vlex.com/source/1285
|z Acceso restringido
|
| 942 |
|
|
|c BOOK
|